Franz. Verben qc et qn S.207-238 - Statistiken

Allgemein
  • Dieses Quiz wurde 5 mal gespielt
  • Das Durchschnittsergebnis liegt bei 36 aus 48
Antwortstatistiken
Hint Antwort % Korrekt
manger qc
100%
bouillir qc
100%
cuire qc
100%
faire réchauffer qc
100%
avaler qc
100%
faire rôtir qc
100%
faire sauter qc
100%
faire frire qc
100%
griller qc
100%
assaisonner qc
100%
renverser qc
100%
éplucher qc
100%
déjeneur qc
100%
dîner qc
100%
habiter qc
100%
construire qc
100%
louer qc
100%
déménager (qc)
100%
ranger qc
100%
ouvrir qc
100%
fermer qc
100%
allumer qc
100%
éteindre qc
100%
chauffer qc
100%
se couvrir de qc
100%
couper qc (à qn)
100%
pique-niquer rien/qc
100%
avoir un bon goût rien
80%
avoir un goût de rien
80%
faire la cuisine rien
80%
faire un gâteau rien
80%
se servir de rien
80%
mettre la table rien
80%
desservir la table rien
80%
entrer rien
80%
s'installer rien
80%
s'assesoir rien
80%
être assis rien
80%
boire à qc
20%
arranger qc à/avec qn qc à/avec qn
0%
préparer qc à/pour qn
0%
ajouter qc à qc
0%
accroche qc à qc qc à qc
0%
réserver qc à qn
0%
payer qc à qn
0%
commander qc à qn
0%
servir qc à qn
0%
verser qc à qn
0%
Keine übereinstimmenden Quizze gefunden
Verteilung der Resultate
Anzahl Personen mit jedem Resultat
Perzentil nach korrekt beantworteten Fragen
Ihre Resultats-Entwicklung
Sie haben dieses Quiz noch nicht gespielt